| 000 | 00535nam a2200217Ia 4500 | ||
|---|---|---|---|
| 003 | 0100 | ||
| 008 | 130303s9999 xx 000 0 und d | ||
| 040 | _cARRUPELIB | ||
| 050 | _aHC910.Z9P636 2000 | ||
| 100 | _aMakoni, Kudzai | ||
| 245 | _aPoverty in the ESAP era | ||
| 245 | _b1996-1998 poverty studies in Zimbabwe | ||
| 260 | _aGweru, Zimbabwe | ||
| 260 | _bMambo Press | ||
| 260 | _C2000 | ||
| 300 | _axii | ||
| 300 | _b 121p. 24cm | ||
| 650 | _bFeminism -- Early works to 1800 | ||
| 700 | _aKudzai Makoni | ||
| 942 | 0 | 0 | _04 |
| 999 |
_c8720 _d8720 |
||